Philosophes par ouvrages - Statistiques

Statistiques générales
  • Ce quiz a été pris 1 722 fois
  • Le résultat moyen est 15 sur 30
Statistiques - réponses
Ouvrages Philosophe % Correct
La République Platon
93%
Du contrat social Jean-Jacques Rousseau
82%
Le deuxième sexe Simone de Beauvoir
82%
Le Capital Karl Marx
80%
Critique de la raison pure Emmanuel Kant
79%
Le prince Nicolas Machiavel
77%
Léviathan Thomas Hobbes
76%
Éthique à Nicomaque Aristote
74%
Encyclopédie Denis Diderot
67%
Pensées Blaise Pascal
65%
Essais Michel de Montaigne
63%
Déclaration des droits de la femme et de la citoyenne Olympe de Gouges
62%
L'Être et le Néant Jean-Paul Sartre
61%
Méditations métaphysiques René Descartes
60%
Les origines du totalitarismes Hannah Arendt
53%
L'Éthique Baruch Spinoza
52%
Le gai savoir Friedrich Nietzsche
52%
De l'esprit des lois Montesquieu
48%
Phénoménologie de l'esprit Friedrich Hegel
46%
Pensées pour moi-même Marc-Aurèle
42%
Manuel Épictète
35%
Être et Temps Martin Heidegger
32%
Enquête sur l'entendement humain David Hume
30%
Traité sur la tolérance Voltaire
24%
Essai sur l'entendement humain John Locke
23%
Trouble dans le genre Judith Butler
20%
De la vie heureuse Sénèque
20%
Théodicée Gottfried Wilhelm Leibniz
18%
Propos Alain/Émile Chartier
16%
Méditations cartésiennes Edmund Husserl
14%
Aucun quiz correspondant
Distribution des résultats
% des personnes avec chaque résultat
Percentile par nombre de réponses
Votre historique - résultats
Vous n’avez pas pris ce quiz